000 00626nam a2200193Ia 4500
005 20260114185848.0
008 008 260114s9999 xx 000 0 eng d
020 _a9781838606299
037 _aEBOOK
040 _aCRL
_beng
_cCRL
041 _aeng
_2eng
084 _qCRL
100 _aKhalil al-Anani
_9875323
245 0 _aIslamism and Revolution Across the Middle East Transformations of Ideology and Strategy After the Arab Spring
260 _bBloomsbury
_c2021
856 _uhttps://doi.org/10.5040/9781838606299?locatt=label:secondary_bloomsburyCollections
942 _cEBOOK
999 _c1474257
_d1474257